[Event "La Libertad zt 2.3"]
[Site "La Libertad"]
[Date "2015.04.05"]
[Round "8"]
[White "Alvarez Leon, Luis"]
[Black "Munoz Sanchez, Miguel Angel"]
[Result "0-1"]
[WhiteElo "2260"]
[BlackElo "2311"]
[PlyCount "92"]
[EventDate "2015.03.31"]
[EventType "swiss"]
[EventRounds "9"]
[EventCountry "ECU"]
[SourceTitle "CBM 165 Extra"]
[Source "ChessBase"]
[SourceDate "2015.04.21"]
[SourceVersion "1"]
[SourceVersionDate "2015.04.21"]
[SourceQuality "1"]

1. d4 Nf6 2. Nf3 g6 3. c4 Bg7 4. Nc3 0-0 5. e4 d6 6. Be2 e5 7. dxe5 dxe5 8. Qxd8 Rxd8 9. Bg5 Re8 10. Nd5 Nxd5 11. cxd5 c6 12. Bc4 b5 13. Bb3 c5 14. Nd2 c4 15. Bc2 Ba6 16. a3 Nd7 17. Be3 Bf8 18. Nb1 Bb7 19. Nc3 a6 20. Kd2 Nc5 21. Rhb1 Bc8 22. b4 cxb3 23. Bxb3 Nxb3+ 24. Rxb3 Bd7 25. Rc1 Rec8 26. g3 Rc4 27. f4 f6 28. fxe5 fxe5 29. Kd3 Rac8 30. Rcb1 Bxa3 31. Rxa3 b4 32. Rxb4 Rxb4 33. h4 Rb2 34. Bd2 Bb5+ 35. Nxb5 axb5 36. Bc3 Rf2 37. Bd2 Rf3+ 38. Be3 b4 39. Rb3 Rc3+ 40. Rxc3 bxc3 41. Ke2 Rxg3 42. d6 Kf7 43. Bg5 Ke6 44. Be7 c2 45. Kd2 Rg2+ 46. Kc1 h6 0-1

[Event "ECU-ch"]
[Site "Quito"]
[Date "1998.??.??"]
[Round "?"]
[White "Mera Cedeno, Angel"]
[Black "Alvarez Leon, Luis"]
[Result "0-1"]
[WhiteElo "2245"]
[BlackElo "2265"]
[PlyCount "100"]
[EventDate "1998.??.??"]
[EventType "tourn"]
[EventRounds "13"]
[EventCountry "ECU"]
[SourceTitle "EXT 2002"]
[Source "ChessBase"]
[SourceDate "2001.11.25"]
[SourceVersion "1"]
[SourceVersionDate "2001.11.25"]
[SourceQuality "1"]

1. c4 Nf6 2. Nf3 g6 3. b4 Bg7 4. Bb2 0-0 5. e3 d6 6. d4 a5 7. b5 Nbd7 8. Qc2 Re8 9. Nbd2 e5 10. dxe5 Nxe5 11. Nxe5 dxe5 12. Be2 c5 13. bxc6 bxc6 14. 0-0 Bf5 15. e4 Bc8 16. Rfd1 Qc7 17. c5 Be6 18. Nf3 Nh5 19. g3 h6 20. Rd6 Bh3 21. Rad1 Re7 22. Bc1 Rb8 23. Ne1 Nf6 24. Bxh6 Bxh6 25. Rxf6 Be6 26. Rf3 Rb4 27. Rfd3 Re8 28. Bf3 Qb8 29. Rd6 Rc4 30. Qe2 Rxc5 31. Bg4 Bf8 32. R6d2 Qc8 33. Bxe6 Qxe6 34. h4 Rc3 35. Rc2 Ra3 36. Nf3 Be7 37. Rd3 Rxd3 38. Qxd3 Rd8 39. Qc3 Qg4 40. Ne1 Rd1 41. Kh2 Qxe4 42. Ng2 Bb4 43. Qb2 Qd4 44. Ne3 Rd2 45. Rxd2 Bxd2 46. Qb8+ Kg7 47. Ng2 c5 48. f4 exf4 49. gxf4 c4 50. h5 gxh5 0-1

[Event "ECU-ch"]
[Site "Quito"]
[Date "1998.??.??"]
[Round "?"]
[White "Pazos Gambarrotti, Plinio Efrain"]
[Black "Alvarez Leon, Luis"]
[Result "1/2-1/2"]
[WhiteElo "2330"]
[BlackElo "2265"]
[PlyCount "38"]
[EventDate "1998.??.??"]
[EventType "tourn"]
[EventRounds "13"]
[EventCountry "ECU"]
[SourceTitle "EXT 2002"]
[Source "ChessBase"]
[SourceDate "2001.11.25"]
[SourceVersion "1"]
[SourceVersionDate "2001.11.25"]
[SourceQuality "1"]

1. e4 c5 2. Nf3 Nc6 3. c3 d5 4. exd5 Qxd5 5. d4 Bg4 6. Be2 cxd4 7. cxd4 e6 8. Nc3 Qd6 9. 0-0 Nf6 10. h3 Bh5 11. Qb3 Qb4 12. Qxb4 Bxb4 13. Rd1 0-0 14. a3 Bxc3 15. bxc3 Nd5 16. Bd2 Bxf3 17. Bxf3 Na5 18. Rab1 b6 19. Rb5 Rad8 1/2-1/2

[Event "Latacunga Munoz Vicuna cup"]
[Site "Latacunga"]
[Date "1998.??.??"]
[Round "?"]
[White "Pazos Gambarrotti, Plinio Efrain"]
[Black "Alvarez Leon, Luis"]
[Result "1/2-1/2"]
[WhiteElo "2330"]
[BlackElo "2265"]
[PlyCount "33"]
[EventDate "1998.05.01"]
[EventType "swiss"]
[EventRounds "7"]
[EventCountry "ECU"]
[SourceTitle "EXT 2016"]
[Source "ChessBase"]
[SourceDate "2015.10.08"]
[SourceVersion "1"]
[SourceVersionDate "2015.10.08"]
[SourceQuality "1"]

1. d4 Nf6 2. Nf3 g6 3. g3 Bg7 4. Bg2 0-0 5. 0-0 d6 6. b3 a5 7. a3 c5 8. Bb2 Nbd7 9. a4 cxd4 10. Nxd4 Nc5 11. Nd2 Bd7 12. e4 Rc8 13. h3 h5 14. Re1 Nh7 15. N2f3 Qb6 16. Ra2 Rfd8 17. Nd2 1/2-1/2